| 000 | 00737nam a2200205 i 4500 | ||
|---|---|---|---|
| 001 | 116627 | ||
| 003 | ES-MaACL | ||
| 005 | 20251220171239.0 | ||
| 007 | t| | ||
| 008 | 061121s1929 sp r ||||1| gao d | ||
| 100 | 1 |
_aOtero Pedrayo, Ramón, _d1888-1976 _987917 |
|
| 245 | 1 | 0 |
_aUnha impresión da Galicia do sul no derradeiro ano do século XVIII / _cRamón Otero Pedrayo. |
| 260 |
_aLa Coruña : _bNos, _c1929. |
||
| 300 |
_a14 p. ; _c24 cm. |
||
| 490 | 1 | _aPubricacions do Seminario de Estudos Galegos, Seizón de Xeografia | |
| 651 | 4 |
_aGalicia- _xDescripción. _98726 |
|
| 830 | 0 |
_aPublicacións do Seminario de Estudos Galegos. Seizón de Xeografia _9233318 |
|
| 852 |
_aES-MaACL _j1755-F-22 |
||
| 999 |
_c116627 _d116627 |
||